City Inn Ltd v Shepherd Construction Ltd (Record no. 79977)

MARC details
000 -LEADER
fixed length control field 01853cad a22001815a 4500
001 - CONTROL NUMBER
control field L142925
008 - FIXED-LENGTH DATA ELEMENTS--GENERAL INFORMATION
fixed length control field 080319e20071130xxk f v 000 0 eng d
035 ## - SYSTEM CONTROL NUMBER
System control number (Sirsi) u142925
041 0# - LANGUAGE CODE
Language code of text/sound track or separate title eng
245 00 - TITLE STATEMENT
Title City Inn Ltd v Shepherd Construction Ltd
Medium [electronic resource]
260 ## - PUBLICATION, DISTRIBUTION, ETC.
Date of publication, distribution, etc. 2007
520 ## - SUMMARY, ETC.
Summary, etc. [2007] CSOH 190, 30 November 2007. Considers the apportionment of responsibility for delays occurring in the completion of works and the entitlement to extension of time. Pursuant employers (C) employed defendant contractor (S) to build a hotel under an amended JCT contract. S failed to complete the works by the contractual completion date. Architects issued a certificate retrospectively in accordance with clause 25 of the contract revising the completion date and S was awarded a four week extension. C claimed for damages, contending S was not entitled to any extension because (1) if the instructions issued by the architect caused any delays, they were concurrent with delays arising from matters that were S's fault; and (2) S did not comply with clause 13.8 of the contract which specified the procedures S should follow where an architect's instruction was likely to delay completion. S counterclaimed for an extension of time of 11 weeks and for prolongation costs. "Held": it was necessary to differentiate between delays caused by the lateness of the instructions and those caused by their content. S was entitled to an extension time of nine weeks and prolongation costs for nine weeks.
650 24 - SUBJECT ADDED ENTRY--TOPICAL TERM
Topical term or geographic name entry element CITY INN LTD V SHEPHERD CONSTRUCTION LTD
651 #4 - SUBJECT ADDED ENTRY--GEOGRAPHIC NAME
Geographic name United Kingdom
Chronological subdivision
690 ## - LOCAL SUBJECT ADDED ENTRY--TOPICAL TERM (OCLC, RLIN)
Topical term or geographic name as entry element BUILT ENVIRONMENT-CONSTRUCTION MANAGEMENT-BUILDING CONTRACT ADMINISTRATION
856 40 - ELECTRONIC LOCATION AND ACCESS
Uniform Resource Identifier <a href="https://www.bailii.org/cgi-bin/markup.cgi?doc=/scot/cases/ScotCS/2007/CSOH_190.html">https://www.bailii.org/cgi-bin/markup.cgi?doc=/scot/cases/ScotCS/2007/CSOH_190.html</a>
Public note View the judgment free of charge at www.bailii.org...
942 ## - ADDED ENTRY ELEMENTS (KOHA)
Suppress in OPAC 0
Holdings
Withdrawn status Lost status Source of classification or shelving scheme Damaged status Not for loan Home library Current library Shelving location Date acquired Total Checkouts Full call number Barcode Date last seen Copy number Price effective from Koha item type
    Dewey Decimal Classification     Virtual Virtual Online 19/03/2008   ONLINE PUBLICATION 142925-2001 06/08/2019 1 06/08/2019 Law report